000 00779nam a2200241 i 4500
001 83499
003 ES-MaACL
007 t|
008 041117s1969 ag ||||1| spa d
080 _a165.75
245 0 0 _aIntroducción al estructuralismo /
_cG. Lantéri-Laura...[et al.] ; introducción y selección de José Sazbón.
260 _aBuenos Aires :
_bNueva Visión,
_c[1969]
300 _a191 p. ;
_c20 cm.
490 1 _aEl pensamiento estructuralista
504 _aIncluye referencias bibliográficas
650 4 _912567
_aEstructuralismo
700 1 _aLantéri-Laura, G.
_970100
700 1 _aSazbón, José.
_9104120
830 0 _aEl pensamiento estructuralista
_9183805
852 _aES-MaACL
_jE-8644
_bR.93054
942 _2udc
999 _c83499
_d83499